[Event "Guernsey op 46th"]
[Site "St James"]
[Date "2022.10.17"]
[Round "2"]
[White "Remie, Peter"]
[Black "Zheng, Harry Z"]
[Result "0-1"]
[WhiteElo "1749"]
[BlackElo "2049"]
[PlyCount "56"]
[EventDate "2022.10.16"]
[EventType "swiss"]
[EventRounds "7"]
[EventCountry "GCI"]
[SourceTitle "EXT 2024"]
[Source "ChessBase"]
[SourceDate "2023.10.10"]
[SourceVersion "1"]
[SourceVersionDate "2023.10.10"]
[SourceQuality "1"]

1. Nf3 Nf6 2. g3 e6 3. Bg2 d5 4. d4 Be7 5. Bg5 0-0 6. 0-0 h6 7. Bxf6 Bxf6 8. c3 b6 9. Re1 Bb7 10. Nbd2 g6 11. e4 dxe4 12. Nxe4 Bg7 13. Nfd2 Nd7 14. Nf6+ Nxf6 15. Bxb7 Rb8 16. Bg2 Nd5 17. Nc4 b5 18. Ne5 Qd6 19. Nd3 a5 20. a3 Rfd8 21. Bxd5 Qxd5 22. Ne5 c5 23. Qe2 cxd4 24. Rad1 Bxe5 25. Qxe5 Qxe5 26. Rxe5 dxc3 27. Rxd8+ Rxd8 28. Rxb5 c2 0-1

[Event "Guernsey op 46th"]
[Site "St James"]
[Date "2022.10.16"]
[Round "1"]
[White "Curtis, John E"]
[Black "Remie, Peter"]
[Result "1/2-1/2"]
[WhiteElo "2046"]
[BlackElo "1749"]
[PlyCount "33"]
[EventDate "2022.10.16"]
[EventType "swiss"]
[EventRounds "7"]
[EventCountry "GCI"]
[SourceTitle "EXT 2024"]
[Source "ChessBase"]
[SourceDate "2023.10.10"]
[SourceVersion "1"]
[SourceVersionDate "2023.10.10"]
[SourceQuality "1"]

1. d4 Nf6 2. Nf3 e6 3. e3 d5 4. Bd3 Be7 5. Nbd2 c5 6. c3 Nc6 7. 0-0 0-0 8. dxc5 Bxc5 9. e4 dxe4 10. Nxe4 Nxe4 11. Bxe4 Qc7 12. Qe2 Rd8 13. Bg5 f6 14. Be3 Bxe3 15. Qxe3 e5 16. Qc5 Qd6 17. Qxd6 1/2-1/2

[Event "Guernsey op 44th"]
[Site "Vale"]
[Date "2018.10.25"]
[Round "5"]
[White "Remie, Peter"]
[Black "Van Beek, Ronald"]
[Result "1-0"]
[WhiteElo "1714"]
[BlackElo "1366"]
[PlyCount "55"]
[EventDate "2018.10.21"]
[EventType "swiss"]
[EventRounds "7"]
[EventCountry "GCI"]
[SourceTitle "EXT 2021"]
[Source "ChessBase"]
[SourceDate "2020.10.23"]
[SourceVersion "1"]
[SourceVersionDate "2020.10.23"]
[SourceQuality "1"]

1. d4 Nf6 2. Nf3 g6 3. Bf4 d6 4. e3 Bg7 5. c4 0-0 6. Nc3 b6 7. Be2 c5 8. d5 Bd7 9. Qd2 Bf5 10. h3 Ne4 11. Nxe4 Bxe4 12. Nh4 Bf6 13. Nf3 Bxf3 14. Bxf3 Nd7 15. Rb1 Be5 16. 0-0 Bxf4 17. exf4 Qc7 18. Rfe1 Rae8 19. f5 Ne5 20. Be2 Qd7 21. f4 Qxf5 22. fxe5 Qxe5 23. Bg4 Qg7 24. Bd7 Rd8 25. Rxe7 Qf6 26. Rbe1 Qd4+ 27. Qxd4 cxd4 28. Bc6 1-0

[Event "Guernsey op 44th"]
[Site "Vale"]
[Date "2018.10.21"]
[Round "1"]
[White "Remie, Peter"]
[Black "Bennett, David"]
[Result "1/2-1/2"]
[WhiteElo "1714"]
[BlackElo "1383"]
[PlyCount "80"]
[EventDate "2018.10.21"]
[EventType "swiss"]
[EventRounds "7"]
[EventCountry "GCI"]
[SourceTitle "EXT 2021"]
[Source "ChessBase"]
[SourceDate "2020.10.23"]
[SourceVersion "1"]
[SourceVersionDate "2020.10.23"]
[SourceQuality "1"]

1. d4 c5 2. d5 Nf6 3. c4 d6 4. Nc3 Bf5 5. Nf3 Nbd7 6. e3 g6 7. Nh4 e6 8. Nxf5 exf5 9. Be2 Bg7 10. Nb5 0-0 11. Bd2 Qb6 12. Rb1 a6 13. Nc3 Ne4 14. Qc2 Rfe8 15. 0-0 Qd8 16. Bf3 Ng5 17. Be2 Nf6 18. f3 h6 19. h4 Ngh7 20. e4 fxe4 21. fxe4 Qe7 22. Bf3 Qe5 23. Be3 Rab8 24. a4 Nh5 25. Bxh5 Qxh5 26. Qf2 Rf8 27. Rbe1 Nf6 28. Qf4 Rbd8 29. Ne2 Qg4 30. g3 Qd7 31. Nc3 Nh5 32. Qf3 Rde8 33. Bd2 Re5 34. g4 Nf6 35. Bf4 Re7 36. Qg3 Rc8 37. Bxd6 Ree8 38. Be5 Qxg4 39. Qxg4 Nxg4 40. Bxg7 Kxg7 1/2-1/2

[Event "Guernsey Holiday op 43rd"]
[Site "Guernsey"]
[Date "2017.10.16"]
[Round "2"]
[White "Hoogakker, Peter"]
[Black "Remie, Peter"]
[Result "0-1"]
[WhiteElo "1769"]
[BlackElo "1689"]
[PlyCount "100"]
[EventDate "2017.10.15"]
[EventType "swiss"]
[EventRounds "7"]
[EventCountry "GCI"]
[SourceTitle "EXT 2020"]
[Source "ChessBase"]
[SourceDate "2019.10.17"]
[SourceVersion "1"]
[SourceVersionDate "2019.10.17"]
[SourceQuality "1"]

1. e4 d6 2. d4 Nf6 3. Nc3 g6 4. Bc4 Bg7 5. Nf3 Bg4 6. h3 Bxf3 7. Qxf3 e5 8. dxe5 dxe5 9. Bg5 c6 10. Rd1 Qe7 11. 0-0 0-0 12. Bb3 Na6 13. a3 Rad8 14. Be3 Nc5 15. Ba2 b6 16. Bxc5 Qxc5 17. Rxd8 Rxd8 18. Rd1 Rxd1+ 19. Qxd1 Qd4 20. Qxd4 exd4 21. Ne2 Nxe4 22. Bc4 Nd2 23. Bd3 f5 24. f3 c5 25. Nf4 c4 26. Be2 d3 27. cxd3 Bd4+ 28. Kh1 Bxb2 29. dxc4 Bxa3 30. Nd5 Kf7 31. g4 fxg4 32. hxg4 Bc5 33. f4 a5 34. Nc3 Bd4 35. Nb5 Bc5 36. Nc3 Ke6 37. Bd3 Kf6 38. Kg2 Nb3 39. Ne4+ Kg7 40. Nxc5 Nxc5 41. Bb1 a4 42. Kf3 Nb3 43. Ke2 Kf6 44. Kd3 Nc5+ 45. Kc3 h5 46. gxh5 gxh5 47. Kd4 h4 48. Ke3 a3 49. Kf3 Na4 50. Bc2 a2 0-1